000 00229nam a2200133Ia 4500
650 _aGATE
942 _cBK
366 _f20
654 _aGate 2017
245 _aGate 2017
260 _b#N/A
546 _aENGLISH
999 _c25443
_d25443